000 00672nam a22001817a 4500
005 20260417104149.0
008 240624b mx |||||||| |||| 00| 0 spa d
020 _a9786070944598
050 0 4 _aKGF3421
_bP33 2025
100 1 _aPacheco Martínez, Filiberto
245 1 0 _aCompendio teórico práctico del derecho ambiental mexicano
_b : instrumentos y políticas sustentables para la tutela del medio ambiente
_c / Filiberto Pacheco Martínez
250 _a1a ed.
260 _aCiudad de México :
_bPorrúa,
_c2025
300 _ax, 242 p. :
_bil. ;
_c23 cm.
504 _aIncluye bibliografía e índice
650 7 _2lemb
_aDerecho ambiental
_zMéxico
942 _2lcc
_cLIB
999 _c87442
_d87442